| 000 | 01660nam a2200229Ia 4500 | ||
|---|---|---|---|
| 003 | Ost | ||
| 005 | 20260507075110.0 | ||
| 008 | 260507s9999||||xx |||||||||||||| ||und|| | ||
| 020 | _a6541157547 | ||
| 040 | _cfsecg | ||
| 041 | _aara | ||
| 100 |
_aالأبرس، محمد رياض _eمؤلف |
||
| 245 | 0 |
_aالخصخصة أفاقها وأبعادها / _c محمد رياض الأبرس |
|
| 260 |
_aبيروت: _bدارالفكر المعاصر, _c2002 |
||
| 300 |
_a277 صفحة؛ _c20 سم |
||
| 490 | _aحوارات لقرن جديد | ||
| 520 | _aالجزء الأول : الخصخصة : النظرية والواقع / محمد رياض الأبرش : المقدمة : لماذا الخصخصة : صعوبات الخصخصة : الخصخصة في البلاد العربية : الخلاصة والنتائج-الجزء الثاني : الخصخصة وأبعادها الاقتصادية والاجتماعية / نبيل مرزوق : المقدمة : نشأة القطاع العام وتطوره : النظرية الاقتصادية السائدة منشؤها ومفاهيمها الأساسية : برامج التصحيح الهيكلي والخصخصة : استنتاجات وتوصيات عامة-الجزء الثالث : تعقيب الدكتور محمد رياض الأبرش حول ضرورة الاستمرار في الاعتماد على الملكية العامة : تعقيب الدكتور نبيل مرزوق على مقالة الدكتور رياض الأبرش. | ||
| 653 | _aالسياسه الاقتصاديه | ||
| 653 | _aالملكية | ||
| 700 |
_aمرزوق، نبيل _eمؤلف ثانوي |
||
| 942 | _cكتاب | ||
| 999 |
_c42864 _d42864 |
||